000 01424nam0a22002891 4500
001 RU\NLR\INFOCOMM_195\5000047210
005 20260406110518.0
035 _a(NLR Aleph) 009159788
090 _a8446725
_c8446725
100 _a20100201d1967 |||y0rusy50 ca
101 0 _aspa
102 _aRU
105 _aa ||||000|y
200 1 _aCincuenta años de grandes victorias del socialismo
_eInforme del camarada L. I. Brézhnev, secretario general del CC del PCUS, pronunciado en la sesión solemne conjunta del Comité Central del PCUS, del Soviet Supremo de la URSS y del Soviet Supremo de la RSFSR, consagrada al cincuenta aniversario de la Gran Revolución Socialista de Octubre
210 _aΜ.
_cEd. de la Agencia de prensa "Nóvosti"
_d1967
215 _a121 с.
_cпортр.
_d17 см
300 _aНа обл. авт. не указан
300 _aВ вып. дан.: Пятьдесят лет великих побед социализма. Доклад генерального секретаря ЦК КПСС тов. Л. И. Брежнева
300 _aНа обл. загл.: El Gran Octubre, 1917-1967
512 1 _aEl Gran Octubre, 1917-1967
_zspa
686 _aИр4870
_2rubbk
700 1 _4070
_8rus
_7ca
_aBrežnev
_bL. I.
_f1906-1982
_gLeonid Il'ič
_3RU\NLR\AUTH\77109814
_992739
801 1 _aRU
_bNLR
_c20100201
801 0 _aRU
_bNLR
_gPSBO
852 _aNLR
_jИр51 Д-1/14
942 _cBOOK
980 _aNB